Central Library OPAC University of Rajshahi

Handbook of culvert and drainage practice for the solution of surface and subsurface drainage problems... (Record no. 14887)

MARC details
000 -LEADER
fixed length control field 01145cam a22002891 4500
001 - CONTROL NUMBER
control field 14887
003 - CONTROL NUMBER IDENTIFIER
rucl marc code BD-RjUL
005 - DATE AND TIME OF LATEST TRANSACTION
control field 20211208235718.0
008 - FIXED-LENGTH DATA ELEMENTS--GENERAL INFORMATION
fixed length control field 130401s1938 ohuaf 001 0beng
035 ## - SYSTEM CONTROL NUMBER
System control number (BD-RjUL)14941
040 ## - CATALOGING SOURCE
Original cataloging agency DLC
Transcribing agency BD-RjUL
Modifying agency DLC
Language of cataloging eng
041 ## - LANGUAGE CODE
Language code of text/sound track or separate title eng
082 ## - DEWEY DECIMAL CLASSIFICATION NUMBER
Classification number 625.734
Author mark and year ARH 1938
110 2# - MAIN ENTRY--CORPORATE NAME
Corporate name or jurisdiction name as entry element Armco Drainage Products Association. [from old catalog]
9 (RLIN) 46339
245 10 - TITLE STATEMENT
Title Handbook of culvert and drainage practice for the solution of surface and subsurface drainage problems...
260 ## - PUBLICATION, DISTRIBUTION, ETC. (IMPRINT)
Place of publication, distribution, etc. Middletown, OH :
Name of publisher, distributor, etc. Armco Culvert Manufacturers Assoc.,
Date of publication, distribution, etc. 1938.
300 ## - PHYSICAL DESCRIPTION
Pagination 3 p. l., [ix]-x, 475 p. :
Illustrations ill., plate, diagrs. ;
Size 19 cm.
500 ## - GENERAL NOTE
General note Leaves of coordinate paper (4 at end)
General note "The engineers of the Armco international corporation, collaborating with the technical staff of the Armco culvert manufacturers association, have .. prepared this volum." --Pref.
504 ## - BIBLIOGRAPHY, ETC. NOTE
Bibliography, etc Includes bibliographical references and index.
650 #0 - SUBJECT ADDED ENTRY--TOPICAL TERM
Topical term or geographic name as entry element Culverts.
9 (RLIN) 46334
Topical term or geographic name as entry element Drainage.
9 (RLIN) 46335
Topical term or geographic name as entry element Bridges.
9 (RLIN) 46336
942 ## - ADDED ENTRY ELEMENTS (KOHA)
Source of classification or shelving scheme Dewey Decimal Classification
Koha item type Books
Holdings
Lost status Source of classification or shelving scheme Damaged status Not for loan Collection code Permanent Location Current Location Shelving location Date acquired Source of acquisition Cost, normal purchase price Total Checkouts Full call number Date last seen Copy number Koha item type
  Dewey Decimal Classification   Not For Loan Non-fiction Central Library, University of Rajshahi Central Library, University of Rajshahi Reading Room 15/05/1976 Not found 0.00   625.734 ARH 1938 08/02/2014 C-1 Books